Aquaculture economics and financing: management and analysis

Saved in:
Bibliografiske detaljer
Hovedforfatter: Engle, Carole Ruth (Author)
Format: Bog
Sprog:engelsk
Udgivet: Ames Wiley-Blackwell 2010
Udgivelse:1a. ed
Fag:
Tags: Tilføj Tag
Ingen Tags, Vær først til at tagge denne postø!

MARC

LEADER 00000cam a2200000 a 4500
001 UCE7191
003 CL-VaPUC
008 150529e20100000us |||||||||||||||||eng|d
020 |a 139780813813011 
082 0 4 |a 338.3  |b ENG  |2 21 
100 0 |a Engle, Carole Ruth  |e author  |9 579890 
245 1 0 |a Aquaculture economics and financing: management and analysis 
250 |a 1a. ed 
300 |a 260 p 
942 |c BK 
945 |d 20150529 15:00:00  |a gsalatino 
260 |a Ames  |b Wiley-Blackwell  |c 2010 
650 0 |a Acuicultura  |9 258883 
650 7 |a INNOVACIONES TECNOLOGICAS  |2 CL-VaPUC  |9 579891 
583 |a last modification  |c 20170406 02:36:49  |k Rodrigo Vera 
999 |c 359313  |d 359311 
952 |0 0  |1 0  |3 erb  |4 0  |6 338_300000000000000_ENG_2010  |7 0  |8 A  |9 468470  |a BIBCUR  |b BIBCUR  |i 5160642  |l 2  |o 338.3 ENG 2010  |p 5160642  |r 2025-04-22  |s 2021-06-10  |w 2019-11-23  |y BK  |z Catalogado en:20150529  |k CIM 
952 |0 0  |1 0  |3 erb  |4 0  |6 338_300000000000000_ENG_2010  |7 0  |8 CCM  |9 468471  |a BIBCUR  |b BIBCUR  |i 5160634  |o 338.3 ENG 2010  |p 5160634  |r 2025-04-22  |w 2019-11-23  |y BK  |z Catalogado en:20150529  |k CIM 
952 |0 0  |1 0  |3 erb  |4 0  |6 338_300000000000000_ENG_2010  |7 0  |8 CCM  |9 468472  |a BIBCUR  |b BIBCUR  |i 5160626  |o 338.3 ENG 2010  |p 5160626  |r 2025-04-22  |w 2019-11-23  |y BK  |z Catalogado en:20150529  |k CIM